00190nam a2200073Ia 4500008004100000100001900041245004100060260001500101170817s9999 xx 000 0 und d aChandra.Ramesh 0aTeachnology Integration In Education bKalpaz Pub